[Event "Hoogovens-B"]
[Site "Wijk aan Zee"]
[Date "1999.01.24"]
[Round "5"]
[White "Bosch, Jeroen"]
[Black "Lputian, Smbat G"]
[Result "0-1"]
[WhiteElo "2470"]
[BlackElo "2614"]
[Annotator "Psakhis,L"]
[PlyCount "56"]
[EventDate "1999.01.19"]
[EventType "tourn"]
[EventRounds "11"]
[EventCountry "NED"]
[EventCategory "11"]
[SourceTitle "CBM 069"]
[Source "ChessBase"]
[SourceDate "1999.04.01"]
[SourceVersion "1"]
[SourceVersionDate "1999.04.01"]
[SourceQuality "1"]

1. e4 e6 2. d4 d5 3. e5 c5 4. c3 Nc6 5. Nf3 Qb6 6. a3 Nh6 7. b4 cxd4 8. Bxh6 {
Rather rare move doesn,t promise real chances for advantage. I would prefer} (
8. cxd4 Nf5 9. Bb2 {with possibel continuation} Be7 10. Bd3 O-O 11. O-O f6 12.
Bxf5 exf5 13. Nc3 Be6 14. Na4 Qd8 15. Nc5 Bxc5 16. dxc5 $1 fxe5 17. b5 Na5 18.
Bxe5 $36 {1-0 Sveshnikov,E-Paramos,R/Oviedo 1993 (36)}) 8... gxh6 9. cxd4 Bd7
10. Be2 Rc8 11. O-O Bg7 {[%cal Gf7f6]} 12. Qd2 (12. b5 Ne7 13. a4 f6 14. Qd2
fxe5 15. Nxe5 Nf5 16. Bh5+ Ke7 17. Qb4+ Qd6 18. Qxd6+ Nxd6 $15 {0-1 Halwick,
F-Barlow,J/corr 1998 (40)}) 12... O-O 13. Ra2 $5 {Obligatory caution!} (13. Nc3
$6 Nxd4 $1 14. Nxd4 Bxe5 15. Rad1 Bxd4 16. Nxd5 Bxf2+ 17. Rxf2 exd5 18. Qxd5
Ba4 $15 {0-1 Fressinet,L-Kortchnoi,V/Cannes Generations 1996 (29) leads to
black,s advantage}) 13... f6 14. b5 Na5 {N/} ({Deserves attention} 14... Ne7
15. exf6 Rxf6 16. Nc3 Ng6 {with nice game, for example} 17. Na4 Qd6 18. Nc5 b6
19. Nxd7 Qxd7 20. g3 Rf7 21. Qe3 Qd6 $13 {0-1 Bosboom-Barbero/Wijk II 1991 (61)
}) 15. exf6 Rxf6 16. Ne5 Be8 17. Qe3 Rf5 {Very provocative move!} 18. Bg4 (18.
Nc6 {looks strong, but Black is Ok after} Kf7 (18... Rxc6 19. bxc6 Qxc6 20. Rd2
$5 Nc4 $140 21. Bxc4 dxc4 22. Nc3 $16) 19. Nxa5 Qxa5 20. Bg4 Rf6 21. Re1 Bd7
$15 {[%csl Ga5,Rb1,Gc8,Rd4,Gg7]}) 18... Rg5 19. Nc6 $1 {[%csl Rc8][%cal Rg4e6,
Re3e6] From the first ( and maybe even second ) look Lputian has serious
troubles, but...} (19. f4 $4 Rxg4 $19) 19... Ra8 $1 20. Bxe6+ (20. Qxe6+ $143
$2 Bf7 21. Ne7+ Kf8 $19) (20. Nxa5 Rxg4 21. Nb3 (21. Nc6 Re4 $1 22. Ne7+ Kf8
23. Qg3 Bf6 $19) 21... Bxb5 $17) 20... Kh8 21. Nb4 $2 {First and already
decisive mistake! Bosch must continue} (21. Nxa5 Bxb5 $1 (21... Qxa5 22. f4 $1
Qb6 23. fxg5 Bd7 $1 (23... Bxd4 24. Rf8+ Kg7 25. Rg8#) 24. Rd2 Qxe6 25. Qxe6
Bxe6 26. gxh6 Bxh6 27. Re2 $18) 22. Re1 $1 (22. Nb3 $2 Bxf1 23. Kxf1 Re8 $19) (
22. Rc1 Re8 23. Rc8 Rxc8 24. Bxc8 Bxd4 $1 25. Qe1 (25. Qd2 Be2 $3 {[%csl Ra5,
Rb1,Rc8]} 26. Qc2 Bxf2+ 27. Kh1 Bf3 $1 28. Bh3 Re5 $19) 25... Bd3 $1 26. Rd2
Re5 27. Qc1 Qxa5 $19) 22... Qxa5 (22... Re8 23. Nb3 Bd7 24. Nc5 Bxe6 25. Rae2
$1 $18) (22... Bxd4 23. Qf4) 23. f4 $13 {with unclear consequences.}) 21...
Bxb5 22. h4 (22. Re1 Re8 $1 {[%cal Re8e1,Rg7d4]}) 22... Rg6 $19 23. Bf5 (23.
Bxd5 Bxf1 24. Kxf1 Bxd4 25. Qd3 Rf8 $19) 23... Re8 (23... Bxf1 $1 24. Kxf1 (24.
Bxg6 Qxg6 {[%cal Rg6b1]}) 24... Bxd4 $19) 24. Qf3 ({Even in the case of more
stubborn} 24. Qc1 $5 {Black easily wins after} Bxf1 (24... Nb3 25. Qd1 $1 (25.
Bxg6 Nxc1 26. Bxe8 Nxa2 27. Bxb5 Nxb4 $19)) 25. Bxg6 hxg6 26. Qxf1 Qxd4 $19)
24... Bxf1 25. Kxf1 Rd6 26. g4 Nc6 27. Re2 Rf8 28. Nxd5 $2 (28. Nxc6 bxc6 $19 {
[%csl Rd4]}) 28... Qxb1+ 0-1

[Event "Excelsior Cup"]
[Site "Gothenburg"]
[Date "1999.01.08"]
[Round "2"]
[White "Shulman, Yuri"]
[Black "Barkhagen, Jonas"]
[Result "0-1"]
[WhiteElo "2523"]
[BlackElo "2415"]
[Annotator "Psakhis,L"]
[PlyCount "72"]
[EventDate "1999.01.07"]
[EventType "tourn"]
[EventRounds "9"]
[EventCountry "SWE"]
[EventCategory "10"]
[SourceTitle "CBM 069"]
[Source "ChessBase"]
[SourceDate "1999.04.01"]
[SourceVersion "1"]
[SourceVersionDate "1999.04.01"]
[SourceQuality "1"]

1. e4 e6 2. d4 d5 3. e5 c5 4. c3 Qb6 5. Nf3 Bd7 6. dxc5 $6 {Rare and not good
move, according to theory only} (6. a3 $5 {keeps chances for advantage, for
example} Bb5 (6... cxd4 7. cxd4 Bb5 8. Bxb5+ Qxb5 9. Nc3 $14) 7. c4 Bxc4 8.
Bxc4 dxc4 9. d5 Ne7 $5 10. d6 Nec6 11. Nbd2 Qa6 12. O-O Nd7 13. Re1 g6 {
0-1 Krapivin,V-Haba,P/Pardubice op 1998 (58) with mutial chances}) 6... Bxc5 7.
Qc2 a5 (7... Bb5 8. b4 Be7 9. Be3 Qa6 $13) 8. a4 {[%csl Rb5] N/} (8. Bd3 Nc6 9.
O-O f6 10. Bf4 O-O-O 11. Na3 g5 $1 12. Bg3 g4 13. Nd4 Nxe5 $17 {1/2-1/2
Polovodin-Panchenko/Vilnius 1970 (49)}) 8... Nc6 9. Bd3 f6 $1 10. Bf4 $6 {
[%mdl 8192]} ({Black have good compensation for the pawn after} 10. Bxh7 O-O-O
$5 ({Black have nothing to worry about and after} 10... Bxf2+ 11. Qxf2 Qxf2+
12. Kxf2 Rxh7) 11. Bxg8 Rdxg8 $44 {but move in text leads even to worse
consequences!}) (10. exf6 Nxf6 11. O-O e5 $36) 10... g5 $1 $17 {[%csl Re5]} 11.
Bg3 g4 12. Bxh7 $5 ({"Boring"} 12. Nfd2 Nxe5 13. Bxh7 Ne7 {[%csl Gb6,Gc5,Ge5,
Rh7] leads to clear Black,s advantage and Shulman trying to catch fish in
dirty water.}) 12... O-O-O $5 {Sensible reaction, less clear} (12... gxf3 13.
Qg6+ Kd8 14. Qg7 {with big complications, for example} (14. Bxg8 Qxb2 15. O-O
Ne7 $1 16. Qxf6 Rxg8 $19) 14... Rxh7 (14... Qxb2 15. O-O) 15. Qxg8+ Be8 16.
Qxh7 (16. b4 fxg2 17. Rg1 Rf7 18. bxc5 Qb2 $19) 16... Qxb2 17. O-O Qxa1 18.
exf6 $132) 13. b4 ({Immediately lost} 13. Nd4 Bxd4 14. cxd4 (14. Bxg8 Bxe5 15.
Bxe5 Nxe5 16. Bh7 Rxh7 17. Qxh7 Qxb2 $19) 14... Rxh7 $1 15. Qxh7 Qxb2 $19 {
[%csl Ra1]}) 13... gxf3 (13... axb4 14. a5 Qa7 15. Nfd2 fxe5 16. a6 $5 {
[%cal Rc2c8,Gh7d3,Gd3a6]}) 14. bxc5 fxg2 15. Rg1 Qxc5 16. exf6 Nxf6 17. Bg6 (
17. Bd3 $5 $17) 17... e5 18. Nd2 e4 $5 {[%csl Rg6][%cal Rc6b4,Rb4d3]} 19. Rb1
Rdg8 (19... Nb4 20. Qb3 Nd3+ 21. Ke2) 20. Nb3 (20. Qb3 Nd8 21. Rxg2 Rxg6 22.
Bd6 Qxd6 23. Rxg6 Rxh2 $19) 20... Qe7 21. Nd4 Rxg6 $19 22. Qb3 Nxd4 ({Maybe
even simplier} 22... Be8 23. Nf5 Qd7 24. Nd6+ Kd8 $19) 23. Qxb7+ Kd8 24. cxd4 (
24. Qa8+ Bc8 25. Qxa5+ Ke8 26. cxd4 e3 $19) 24... Qa3 $1 25. Rxg2 Qc3+ 26. Kf1
Qd3+ 27. Kg1 Ke7 28. Kh1 (28. Bd6+ Kf7 29. Rxg6 Kxg6 30. Be5 Rg8 $1 $19 {
[%csl Rg1]}) 28... Rc8 (28... Kf7) 29. h4 Kf7 30. h5 Rh6 31. Kg1 Rxh5 32. Bh2
Qd2 (32... e3 $1) 33. Bc7 Qh6 34. Rh2 Rg8+ 35. Kh1 Rxh2+ 36. Bxh2 Qh3 0-1

[Event "RUS-ch 54th"]
[Site "Elista"]
[Date "2001.05.09"]
[Round "9"]
[White "Arbakov, Valentin"]
[Black "Dolmatov, Sergey"]
[Result "1-0"]
[WhiteElo "2491"]
[BlackElo "2587"]
[Annotator "Psakhis,L"]
[PlyCount "83"]
[EventDate "2001.04.29"]
[EventType "swiss"]
[EventRounds "9"]
[EventCountry "RUS"]
[SourceTitle "CBM 083"]
[Source "ChessBase"]
[SourceDate "2001.07.05"]
[SourceVersion "1"]
[SourceVersionDate "2001.07.05"]
[SourceQuality "1"]

1. e4 e6 2. d4 d5 3. e5 c5 4. c3 Nc6 5. Nf3 Qb6 6. a3 Nh6 7. b4 cxd4 8. cxd4
Nf5 9. Bb2 Be7 10. Be2 Bd7 11. O-O h5 {Secure position of knight and preparing
active action on the king's side.} ({Worth consideration and modest} 11... a6 {
[%cal Gc6a7]} 12. Kh1 Na7 {preparing exchange light-colour bishops.} 13. Qd2
Bb5 14. Nc3 Bxe2 15. Nxe2 Rc8 16. Nc3 Nb5 17. Nxb5 Qxb5 18. Rfc1 O-O 19. Bc3
Rc4 $15 {1/2-1/2 Zarkovic,D-Stankovic,J/YUG-ch G20 Tivat 2001/YUG (45)}) 12.
Qd2 {Sergey Dolmatov has great experience in ths line. One of his opponent
continue here} (12. b5 {but after} Na5 13. Nc3 a6 14. Na4 Qd8 15. bxa6 bxa6 16.
Bc3 Bb5 17. Rb1 Bxe2 18. Qxe2 Nc4 $15 {0-1 Kozak,A-Dolmatov,S/Elista 1997/CBM
59 (35) got less than nothing}) 12... g5 $1 {Typical idea: Black increase
preassure on d4 attacking white knight f3.} 13. Rd1 g4 14. Ne1 Rg8 15. Nc2 Bg5
16. Qd3 $146 {New move doesn't change estimation of position as good for Black.
} (16. Qe1 Rc8 17. Bc3 Nce7 18. a4 Nh4 19. Kh1 Nef5 20. Ra2 Qd8 21. b5 f6 22.
b6 a6 23. Ba5 fxe5 24. Bxa6 Nxg2 $132 {0-1 Relange-Berend/Brussels zt 1993 (34)
}) 16... Nce7 17. Nc3 Rc8 18. a4 Rc4 19. Nb5 (19. a5 Qc7 20. b5 $5) 19... a6 (
19... Bxb5 20. axb5 Ng6 21. g3 Qc7 $13) 20. Nc3 (20. Nba3 $5 {Possible to
recommend as possible improvement, for example} Rc8 21. b5 a5 22. Bc1 $1 $14)
20... Nc6 21. Na2 (21. a5 Qc7 22. Qxf5 $140 $2 exf5 23. Nxd5 Rxc2 $1 24. Nxc7+
Kd8 $19) 21... Rxc2 $1 {[%mdl 64]} 22. a5 $1 ({In the case of} 22. Qxc2 Ncxd4
23. Bxd4 Nxd4 24. Qd3 Nxe2+ 25. Qxe2 Bxa4 $17 {black's advantage is obvious.})
22... Rxe2 (22... Qa7 $5 23. Qxc2 Ncxd4 24. Bxd4 Nxd4 25. Qd3 Nxe2+ 26. Qxe2
$14) 23. axb6 Rxb2 24. Qc3 Re2 {Black got three pieces for a queen and it
looks that rest just question of technique, but Arbakov founds interesting
idea.} 25. b5 $1 axb5 (25... Ncxd4 26. bxa6 Rc2 27. Qa3 $1 $18) 26. Nc1 b4 (
26... Re4 27. Ra8+ Bd8 {also not so bad for Black}) 27. Ra8+ Bd8 28. Qa1 Rc2
29. Nb3 {[%cal Gb3c5]} g3 $1 (29... h4 30. Rc1 Rc4 $1 31. Rxc4 dxc4 32. Nc5 c3
$132) 30. hxg3 h4 {Open white's monarch residence and getting great chances
for strong arrack.} 31. Rc1 $1 {White can't tolerate any more black rook on
second rank.} Rxc1+ 32. Qxc1 hxg3 33. Nc5 Nfxd4 (33... Ncxd4 34. Rxd8+ Kxd8 35.
Nxb7+ Ke8 (35... Ke7 36. Qc5+) 36. Qc7 gxf2+ 37. Kxf2 Ke7 38. Nc5 $18) 34. Qb2
Rg5 $2 {[%mdl 8192] Terrible mistake!.} ({After correct} 34... Ke7 $1 35. f4
Rg4 36. Rxd8 Kxd8 37. Nxb7+ Ke7 $19 {Dolmatov could win this interesting and
complicated game.}) 35. f4 $1 Rg4 36. Nxb7 Rxf4 37. Nxd8 Nxd8 38. b7 $18 N4c6
$8 39. b8=Q Nxb8 40. Rxb8 Re4 41. Kf1 f6 (41... Rf4+ 42. Ke1 Re4+ 43. Kd2 Bc6
44. Qa1 {[%cal Ra1a5]}) 42. Qc1 (42. Qc1 fxe5 43. Qg5 $18) 1-0

[Event "EU-ch 2nd"]
[Site "Ohrid"]
[Date "2001.06.05"]
[Round "5"]
[White "Petrov, Marian"]
[Black "Minasian, Artashes"]
[Result "0-1"]
[WhiteElo "2425"]
[BlackElo "2554"]
[Annotator "Psakhis,L"]
[PlyCount "80"]
[EventDate "2001.06.01"]
[EventType "swiss"]
[EventRounds "13"]
[EventCountry "YUG"]
[SourceTitle "CBM 084"]
[Source "ChessBase"]
[SourceDate "2001.09.13"]
[SourceVersion "1"]
[SourceVersionDate "2001.09.13"]
[SourceQuality "1"]

1. e4 e6 2. d4 d5 3. e5 c5 4. c3 Nc6 5. Nf3 Qb6 6. a3 Nh6 7. b4 cxd4 8. cxd4
Nf5 9. Be3 ({Black did well after} 9. Bb2 Bd7 10. Be2 Be7 11. O-O Rc8 {for
example:} 12. Qd2 h5 $5 13. Rd1 g5 $1 14. Nxg5 Ncxd4 15. Bd3 Nb3 16. Qf4 Nxa1
17. Bxa1 Rg8 18. h4 Bxg5 19. hxg5 Qd8 {0-1 Das,A-Garma,C/Calcutta Goodricke op
2001/ (28)}) 9... Bd7 10. Bd3 Rc8 11. O-O Nxe3 12. fxe3 Be7 13. Nbd2 O-O 14.
Nb3 Nb8 $1 {[%cal Gd7b5] Black equalize comfortably after this strong move.
Black's game is quite simple- he wants to exchange light squared bishops and
use open c line for active counter play.} (14... f5 15. exf6 Rxf6 16. Nc5 Bxc5
17. bxc5 Qc7 18. Ng5 h6 19. Rxf6 gxf6 20. Qh5 Be8 21. Qxh6 fxg5 22. Rf1 Qe7 23.
Rf8+ Qxf8 24. Qh7# {1-0 Meyer-Junge,R/BL 1992 (24)}) (14... Nd8 15. Qe2 a6 16.
Nc5 Bb5 17. Rac1 Bxd3 18. Qxd3 Bxc5 19. Rxc5 Rxc5 20. bxc5 Qc7 21. Rb1 $36 {
1-0 Vardanian,H-Manukian,A/Batumi op 2001/Week in Chess 347 (36)}) (14... Qd8
$5 15. Nc5 b6 16. Nxd7 Qxd7 17. Bb5 Qb7 18. Rc1 {1/2-1/2 Kindermann,S-Huebner,
R/BL 0001 2001/ (18)}) 15. Nc5 $6 (15. Qe2 {and just after} a6 16. Nc5 {
was musch stronger, because it will be not so easy for black to push away
white knight from c5}) 15... Bb5 16. h4 $146 (16. Rc1 Bxd3 17. Qxd3 a5 18. Rb1
axb4 19. Rxb4 Qc6 20. Rb5 b6 21. Na4 Nd7 22. Rfb1 Bd8 23. Nb2 Be7 24. Na4 Bd8
$11 {1/2-1/2 Ambroz,J-Meyer,P/BL 1991 (32)}) 16... Bxd3 17. Qxd3 Qc7 {[%cal
Gb7b6]} 18. Rac1 b6 19. Na6 $6 {Mistake, but even after} (19. Nb3 Qd7 $36 {
[%cal Gd7a4] Black keeps initiative.}) 19... Qxc1 20. Rxc1 Rxc1+ 21. Kh2 h6 (
21... Nxa6 $5 22. Qxa6 Rc7 $17 {also looks quite promising.}) 22. Nxb8 Rxb8 23.
Qa6 Rc7 {[%cal Gb6b5]} 24. Qb5 Rd8 {Two rooks are stronger than queen, but
first Minasian needs to regroup his forces.} 25. Qa6 g6 26. Kg3 Kg7 27. Kg4 Rb8
{[%cal Gb6b5]} 28. Qb5 Rbc8 29. h5 (29. Qa6 $8 {[%cal Ga6a7]} h5+ 30. Kg3 (30.
Kf4 Rc2 31. g3 R8c7 $19)) 29... Rc2 $19 30. Ne1 (30. g3 R8c7 31. Qe8 R2c3 {
[%cal Gc3e3,Gc3a3]}) 30... gxh5+ $1 31. Kxh5 Rf2 32. Kg4 (32. Qd7 Rc1 33. Qxe7
Rxe1 34. Kg4 Rxe3 $19 {Lose as well}) 32... Rc3 33. Nd3 Rf5 (33... Rxg2+ $1 34.
Kf3 Rcc2 $19) 34. a4 (34. Nf4 Bg5 35. Nh5+ Kh7) 34... h5+ 35. Kh3 Bg5 {All
black pieces are active and his victory is now just question of time.g} 36. Ne1
Bxe3 37. Nf3 Bxd4 38. Qa6 Bxe5 39. Qxa7 Rfxf3+ $1 40. gxf3 Rc2 (40... Rc2 41.
Kh4 Kh6 {[%cal Rc2h2]}) 0-1

[Event "FIDE-Wch k.o."]
[Site "New Delhi/Teheran"]
[Date "2000.11.30"]
[Round "2.1"]
[White "Morozevich, Alexander"]
[Black "Milos, Gilberto"]
[Result "1-0"]
[WhiteElo "2756"]
[BlackElo "2633"]
[Annotator "Psakhis,L"]
[PlyCount "75"]
[EventDate "2000.11.27"]
[EventType "k.o."]
[EventRounds "7"]
[EventCountry "IND"]
[SourceTitle "CBM 081"]
[Source "ChessBase"]
[SourceDate "2001.03.20"]
[SourceVersion "1"]
[SourceVersionDate "2001.03.20"]
[SourceQuality "1"]

1. e4 {Bangiev} c5 2. Nf3 Nc6 3. c3 e6 4. d4 d5 5. e5 Qb6 6. a3 Nh6 7. b4 cxd4
8. cxd4 Nf5 9. Be3 {'!?' Bangiev. Bangiev: 'Dies ist wesentlich besser 
(aktiver) als die Alternative 9.Bb2, da der mögliche Abtausch des Läufer e3
weissfeldrige Schwächen im Lager des Schwarzen verursachen sollte.'} (9. Bb2
Bd7 10. Be2 Be7 11. O-O h5 12. b5 Na5 13. Nc3 a6 14. Na4 Qd8 $11 {0-1 Kozak,
A-Dolmatov,S/Elista 1997/CBM 59 (35)}) 9... g6 10. Bd3 Nxe3 11. fxe3 Bh6 (11...
Bg7 $5 {Bangiev} 12. Nc3 O-O 13. O-O Bd7 {/\f6}) 12. Qd2 $146 {A new move in a
well known position. The queen from d2 will protect the natural position of
white's knight on c3. Bangiev: 'Ein neuer Zug in dieser Stellung.'} (12. Qe2
Bd7 (12... O-O 13. O-O a5 14. b5 Ne7 15. a4 Nf5 16. Bxf5 exf5 17. Nbd2 Be6 18.
Nb3 Rfc8 19. Rfc1 f4 20. Qe1 fxe3 21. Qh4 Bf8 {Chaika,O-Malahatko/Yalta 1996/
Inf 67/ 0-1 (40)}) (12... a5 {Bangiev} 13. b5 Ne7 14. Nc3 a4 15. O-O Bd7 16.
Rab1 O-O 17. Nd1 Rfc8 18. Nf2 Rc3 19. Ng4 Bg7 20. Nf6+ Bxf6 21. exf6 Nc8 22.
Ne5 Qd6 23. Qe1 Rxa3 24. Qh4 Be8 25. Bxg6 {1-0 Lie,K-Djurhuus,R/Asker 2000/(25)
}) 13. O-O (13. Nbd2 a5 14. b5 Ne7 15. g4 a4 16. O-O O-O 17. h4 Rac8 $132 {
0-1 Ehlvest,J-Bhat,V/San Francisco Koltanowski mem 2000/The Week in Chess 320 
(27)}) (13. Nc3 Ne7 14. O-O Nf5 15. g4 Bxe3+ 16. Kh1 Bxd4 17. Nb5 Bxa1 18. gxf5
exf5 19. Nd6+ Kf8 20. Rxa1 {1-0 Thipsay,P-Neelotpal,D/Mumbai 2000/(29)}) 13...
O-O 14. Nc3 Rac8 15. Nd1 $1 {[%cal Gd1f2,Gf2g4]} f5 16. exf6 Rxf6 17. b5 Ne7
18. Nf2 Bg7 19. Ng4 Rff8 20. Nge5 Qd6 21. Qd2 $14 {Kozel,R-Koutsin,S/Minsk
1996/Inf 67/1-0 (40)}) 12... Bd7 (12... a5 {Bangiev} 13. b5 Ne7 14. Nc3 a4 15.
O-O O-O 16. Rab1 Bd7 17. Nd1 Rfc8 18. Nf2 Nf5 19. Ng4 Bg7 20. Nf6+ Bxf6 21.
exf6 Nd6 22. Ne5) 13. Nc3 Ne7 {[%cal Ge7f5]} 14. g4 $1 {[%mdl 4] '!?' Bangiev.}
(14. O-O {Bangiev} Nf5 $132) 14... Bg7 (14... O-O 15. h4 $1 $40) (14... Rc8 $5
{Bangiev} 15. O-O $5 Bxe3+ 16. Qxe3 Rxc3 17. Rfc1 Rxc1+ 18. Rxc1 $44) 15. O-O
Rc8 16. a4 $1 {'!?' Bangiev. Morozevich plays actively on the whole board. 
Bangiev: 'Weiss strebt danach, den Läufer d7, den Verteidiger der weissen
Felder, abzutauschen.'} (16. Rac1 O-O) 16... O-O (16... Qxb4 $2 17. Ne4 (17.
Nb5 {Bangiev} Qxd2 18. Nd6+ $16) 17... Qxd2 18. Nd6+ Kd8 19. Nxd2 $16 {[%csl
Gd6]}) 17. Nb5 $1 {[%cal Gb5d6] Bangiev: '/\Nb5'} Bxb5 $8 (17... f6 {Bangiev}
18. a5 $16) 18. axb5 {[%csl Ra7] Now the a7-pawn will produce headache for
Black for a long time.} f6 {'?!' Bangiev. Bangiev: 'Der Nachziehende möchte
sich mehr Spielraum verschaffen, hat aber nun die weissfeldrigen Schwächen auf
e6 und g6.'} (18... Rc7 {Bangiev} 19. Rf2 $14) 19. exf6 {'!' Bangiev.} Rxf6 20.
Kg2 Rcf8 21. Qc2 $5 {[%cal Gc2c5,Gh2h4]} Nc8 {Bangiev: '/\Nd6-c4'} 22. h4 $1 (
22. Qc5 Qd8) 22... Nd6 23. h5 (23. Qc5 $5) 23... Rc8 (23... gxh5 $142 24. Bxh7+
Kh8 25. g5 $1 Nf5 $1 (25... Nc4 26. Rae1) 26. Rae1 Kxh7 27. gxf6 Bxf6 $44) (
23... Nxb5 {Bangiev} 24. hxg6 hxg6 (24... h6 25. g5 hxg5 26. Nxg5) 25. Bxg6 (
25. g5 Rf5 $5 $14) 25... e5 26. Nxe5 Rxf1 27. Rxf1 Rxf1 28. Kxf1 Bxe5 29. Qf5
$1 $18) 24. Qe2 Qd8 $6 ({Again worth of consideration is} 24... gxh5 $5) (24...
gxh5 {Bangiev} 25. Ng5 $1 {[%cal Rg5h7,Rg5e6]} hxg4 26. Rxf6 Bxf6 27. Qxg4 $18)
25. hxg6 hxg6 26. Rxa7 $16 {Now white's advantage is obvious.} Qe7 (26... Qb6 {
Bangiev} 27. Raa1 Nc4 28. Nh4 $16) 27. Ne5 $1 Rxf1 28. Qxf1 (28. Nxg6 $6 Qg5
29. Kxf1 Ne4 {'!' Bangiev.} 30. Bxe4 dxe4 $132) 28... Bxe5 $6 (28... Qh4 {
[%cal Rc8f8]} 29. Qf2 $16) 29. dxe5 Ne4 30. Bxe4 dxe4 (30... Qh4 31. Qf4 Rf8 (
31... dxe4 32. Qxe4 $18) 32. Qg3 Qxg3+ 33. Kxg3 dxe4 34. Rxb7 Rf3+ 35. Kh4 Rxe3
36. b6 $18) 31. Qf6 $1 $18 Qxf6 32. exf6 Rc7 33. g5 Kf7 34. Kg3 {[%cal Gg3e5]}
e5 $8 35. b6 Rd7 36. Kg4 Ke6 37. Ra8 Kd6 38. Rg8 {A nice victory of Alexander
Morozevich.} 1-0

[Event "RUS-Cup03 Geller Memorial"]
[Site "Moscow"]
[Date "1999.02.07"]
[Round "6"]
[White "Prokopchuk, Evgeny"]
[Black "Chigvintsev, Andrei"]
[Result "1-0"]
[WhiteElo "2489"]
[BlackElo "2387"]
[Annotator "Psakhis,L"]
[PlyCount "76"]
[EventDate "1999.02.10"]
[EventType "swiss"]
[EventRounds "9"]
[EventCountry "RUS"]
[SourceTitle "CBM 070"]
[Source "ChessBase"]
[SourceDate "1999.06.08"]
[SourceVersion "1"]
[SourceVersionDate "1999.06.08"]
[SourceQuality "1"]

1. e4 e6 2. d4 d5 3. e5 c5 4. Nf3 Nc6 5. c3 Nge7 6. Be2 Bd7 7. a3 {Rare move,
usually white continue} (7. O-O {or}) (7. Na3) 7... Rc8 {N/ Not the best move,
black hadn,t troubles after} (7... a5 $5 8. a4 (8. O-O Ng6 9. Bd3 Be7 10. Qe2
Qc7 11. g3 c4 12. Bc2 f6 13. h4 fxe5 14. h5 e4 15. hxg6 exf3 16. Qxf3 O-O-O 17.
gxh7 e5 $36 {0-1 Edelman-Gulko,B/Philadelphia 1988 (27)}) 8... Ng6 9. O-O Be7
10. Be3 b6 11. Ne1 O-O 12. f4 cxd4 13. cxd4 Nb4 14. Nc3 Nh4 15. Nf3 Nxf3+ 16.
Rxf3 f5 $11 {1/2-1/2 Guadalpi,C-Gervais,C/FRA t-ch 1999 (24)}) ({or} 7... a6 $5
8. b4 cxd4 9. cxd4 b5 {[%cal Ge7c8,Gc8b6,Gb6c4]} 10. O-O Nc8 11. Nbd2 a5 12.
bxa5 Nxa5 13. Ne1 Nb6 14. Nb3 Nbc4 15. Nxa5 Qxa5 16. Nc2 Be7 17. Qd3 O-O 18.
Qg3 Rfc8 19. Bd3 g6 $13 {0-1 Hokkanen,P-Knaak,R/Heart of Finland 1994 (40)}) 8.
b4 cxd4 9. cxd4 Ng6 (9... Nf5 $5 {[%csl Rd4]}) 10. h4 {Typical reaction} Be7
11. g3 Qb6 12. Be3 f5 (12... f6 $5) 13. h5 Nf8 14. Nbd2 {[%cal Gd2b3,Gb3c5]
Results of opening are not very promising for black.They have no any
counterplay and must just wait white action.} Nd8 15. Nb3 Ba4 (15... Bb5 $142
$5) 16. Qd3 Bxb3 $6 ({Much stronger were to play} 16... a6 $5 $14 {[%cal Ga4b5]
with future exchange of light bishops}) 17. Qxb3 h6 18. Nd2 {[%cal Gf2f4]} Nc6
19. Qd3 Nd7 (19... a5 20. b5) 20. Rb1 O-O 21. f4 $16 Qd8 22. Kf2 {[%cal Gg3g4]}
Nb6 23. g4 $1 Rc7 24. Rbg1 {[%cal Gg4f5,Gg1g6]} Bh4+ 25. Kf1 Be7 26. gxf5 exf5
27. Rg6 {[%cal Gh1g1,Gg6h6]} Bxb4 {Desperation sacrifice, but black can,t wait
any more.} 28. axb4 Nxb4 29. Qb3 Rc1+ 30. Kg2 Rxh1 31. Kxh1 Qe7 32. Rd6 Nc6 33.
Bf3 Kh7 34. Bf2 $18 {White position is winning any way, but move in the game
is the precise one.} (34. Bxd5 Qh4+ 35. Kg1 Nxd5 36. Rxd5 Qg4+ 37. Kf2 Qh4+ 38.
Ke2 Qxh5+ 39. Nf3 $18) 34... Rc8 35. Bxd5 Nxd4 36. Qg3 (36. Bxd4 Qh4+ 37. Kg2
$18) 36... Ne2 37. Qe3 $4 {[%mdl 8192] It looks that opponents were in
terrible time troubles, white could easy win game after} (37. Qd3 $1 $18 {
now everything could changed very quickly}) 37... Rc1+ 38. Kg2 Rc2 $4 {[%mdl
8192] I even can,t comment this strange move, I suppose time shortage? Bad
luck for black, first time in the game they could get better chances, but....}
(38... Nxd5 39. Rxd5 Qf7 $1 40. Rc5 (40. Qxe2 Qxd5+) (40. Rb5 Qxh5 $19) 40...
Rxc5 41. Qxe2 Qd5+ 42. Nf3 Rc4 $19) 1-0